[Event "George Trundle Reserves 2016"]
[Site "Auckland"]
[Date "2016.07.17"]
[Round "9.1"]
[White "Taylor, Richard"]
[Black "Punsalan, Vyanla M"]
[Result "0-1"]
[LiveChessVersion "1.4.8"]
[BlackElo "1649"]
[WhiteElo "1866"]

1. e4 {[%clk 1:30:30]} e5 {[%clk 1:25:28]} 2. Nf3 {[%clk 1:31:17]} Nc6
{[%clk 1:25:42]} 3. d4 {[%clk 1:31:31]} exd4 {[%clk 1:25:54]} 4. Nxd4
{[%clk 1:31:54]} Nf6 {[%clk 1:25:46]} 5. Nc3 {[%clk 1:32:15]} Bb4
{[%clk 1:20:08]} 6. Nxc6 {[%clk 1:32:12]} bxc6 {[%clk 1:19:06]} 7. Bd3
{[%clk 1:32:23]} O-O {[%clk 1:16:30]} 8. O-O {[%clk 1:31:40]} Re8
{[%clk 1:15:00]} 9. Bg5 {[%clk 1:27:13]} h6 {[%clk 1:11:56]} 10. Bh4
{[%clk 1:27:35]} Bxc3 {[%clk 0:56:24]} 11. bxc3 {[%clk 1:27:56]} g5
{[%clk 0:53:46]} 12. f4 {[%clk 1:17:34]} gxh4 {[%clk 0:40:32]} 13. e5
{[%clk 1:17:53]} d6 {[%clk 0:40:48]} 14. exf6 {[%clk 1:14:59]} Qxf6
{[%clk 0:40:34]} 15. Qf3 {[%clk 1:14:55]} Bd7 {[%clk 0:37:37]} 16. Rab1
{[%clk 1:09:48]} Rab8 {[%clk 0:30:20]} 17. a4 {[%clk 1:06:49]} d5
{[%clk 0:28:53]} 18. a5 {[%clk 1:06:12]} Bf5 {[%clk 0:27:08]} 19. Rxb8
{[%clk 0:55:08]} Rxb8 {[%clk 0:25:40]} 20. a6 {[%clk 0:54:06]} Bxd3
{[%clk 0:23:59]} 21. Qxd3 {[%clk 0:54:12]} Rb6 {[%clk 0:20:47]} 22. c4
{[%clk 0:48:55]} Qd6 {[%clk 0:17:36]} 23. cxd5 {[%clk 0:46:16]} Qxd5
{[%clk 0:16:44]} 24. Qe2 {[%clk 0:43:36]} c5 {[%clk 0:13:52]} 25. f5
{[%clk 0:42:09]} Qd4+ {[%clk 0:14:09]} 26. Kh1 {[%clk 0:42:37]} Qf6
{[%clk 0:13:55]} 27. h3 {[%clk 0:40:35]} Rxa6 {[%clk 0:13:04]} 28. Qe8+
{[%clk 0:40:23]} Kg7 {[%clk 0:12:56]} 29. Rf4 {[%clk 0:39:50]} h5
{[%clk 0:10:59]} 30. Qe4 {[%clk 0:39:25]} Rd6 {[%clk 0:10:52]} 31. Rxh4
{[%clk 0:36:35]} Rd4 {[%clk 0:10:25]} 0-1

[Event "George Trundle Reserves 2016"]
[Site "Auckland"]
[Date "2016.07.17"]
[Round "9.2"]
[White "Mukkattu, Philip"]
[Black "Hair, Philip I"]
[Result "0-1"]
[LiveChessVersion "1.4.8"]
[BlackElo "1907"]
[WhiteElo "1658"]

1. d4 {[%clk 1:30:58]} Nf6 {[%clk 1:30:52]} 2. c4 {[%clk 1:31:25]} d6
{[%clk 1:31:15]} 3. Nf3 {[%clk 1:31:25]} c6 {[%clk 1:31:38]} 4. Nc3
{[%clk 1:31:36]} Qc7 {[%clk 1:31:55]} 5. Bf4 {[%clk 1:29:42]} Nbd7
{[%clk 1:31:46]} 6. e4 {[%clk 1:21:45]} e5 {[%clk 1:31:56]} 7. dxe5
{[%clk 1:20:18]} dxe5 {[%clk 1:32:16]} 8. Bg5 {[%clk 1:17:05]} Bb4
{[%clk 1:31:52]} 9. Qc2 {[%clk 1:15:13]} O-O {[%clk 1:12:56]} 10. h3
{[%clk 1:15:05]} h6 {[%clk 1:02:25]} 11. Bd2 {[%clk 1:14:30]} Nc5
{[%clk 0:55:51]} 12. a3 {[%clk 1:14:10]} Bxc3 {[%clk 0:55:35]} 13. Bxc3
{[%clk 1:14:35]} Ncxe4 {[%clk 0:55:27]} 14. Bxe5 {[%clk 1:13:57]} Qb6
{[%clk 0:24:11]} 15. Bd4 {[%clk 1:10:10]} c5 {[%clk 0:24:28]} 16. Be3
{[%clk 1:10:14]} Qa5+ {[%clk 0:22:44]} 17. Nd2 {[%clk 1:04:19]} Bf5
{[%clk 0:18:34]} 18. Bd3 {[%clk 1:03:52]} Nxd2 {[%clk 0:13:55]} 19. Bxd2
{[%clk 1:01:58]} Bxd3 {[%clk 0:14:02]} 20. Qxd3 {[%clk 1:01:12]} Rfe8+
{[%clk 0:14:25]} 21. Kf1 {[%clk 1:00:39]} Rad8 {[%clk 0:14:21]} 22. Bxa5
{[%clk 0:57:22]} Rxd3 {[%clk 0:14:45]} 23. f3 {[%clk 0:53:42]} b6
{[%clk 0:09:35]} 24. Bc3 {[%clk 0:53:56]} Nh5 {[%clk 0:08:06]} 25. Kf2
{[%clk 0:53:43]} Nf4 {[%clk 0:08:22]} 26. Rhe1 {[%clk 0:52:35]} Red8
{[%clk 0:07:08]} 27. Re7 {[%clk 0:52:07]} R8d7 {[%clk 0:07:27]} 28. Rxd7
{[%clk 0:48:27]} Rxd7 {[%clk 0:07:51]} 29. h4 {[%clk 0:47:41]} g5
{[%clk 0:05:10]} 30. g3 {[%clk 0:46:29]} Ne6 {[%clk 0:05:12]} 31. hxg5
{[%clk 0:44:10]} hxg5 {[%clk 0:05:19]} 32. Rh1 {[%clk 0:43:54]} Nd4
{[%clk 0:05:43]} 33. Rh5 {[%clk 0:41:52]} f6 {[%clk 0:05:42]} 34. f4
{[%clk 0:41:25]} gxf4 {[%clk 0:04:49]} 35. gxf4 {[%clk 0:41:47]} Kg7
{[%clk 0:03:58]} 36. Rd5 {[%clk 0:34:56]} Rxd5 {[%clk 0:03:09]} 37. cxd5
{[%clk 0:35:24]} Nf5 {[%clk 0:02:54]} 38. Kf3 {[%clk 0:35:15]} Kf7
{[%clk 0:02:24]} 39. b4 {[%clk 0:32:54]} Ke7 {[%clk 0:01:44]} 40. bxc5
{[%clk 0:58:42]} bxc5 {[%clk 0:32:07]} 41. a4 {[%clk 0:54:48]} Nd6
{[%clk 0:30:51]} 42. Kg4 {[%clk 0:49:57]} Ne4 {[%clk 0:24:50]} 43. Bb2
{[%clk 0:49:44]} Kd6 {[%clk 0:25:04]} 44. Kf5 {[%clk 0:48:29]} Kxd5
{[%clk 0:25:27]} 45. a5 {[%clk 0:39:05]} a6 {[%clk 0:25:03]} 46. Kg6
{[%clk 0:36:54]} c4 {[%clk 0:25:01]} 47. Kf7 {[%clk 0:33:51]} f5 {[%clk 0:23:32]}
48. Ke7 {[%clk 0:32:55]} c3 {[%clk 0:23:24]} 49. Bc1 {[%clk 0:32:39]} Nd2
{[%clk 0:23:00]} 50. Kd7 {[%clk 0:31:59]} Nb3 {[%clk 0:22:56]} 51. Ba3
{[%clk 0:30:55]} Nxa5 {[%clk 0:23:16]} 52. Kc7 {[%clk 0:31:06]} Nc4
{[%clk 0:23:15]} 53. Bc1 {[%clk 0:30:07]} a5 {[%clk 0:23:39]} 54. Kb7
{[%clk 0:28:46]} a4 {[%clk 0:24:01]} 55. Ka6 {[%clk 0:26:46]} a3 {[%clk 0:20:51]}
56. Bxa3 {[%clk 0:27:02]} Nxa3 {[%clk 0:21:14]} 57. Ka5 {[%clk 0:27:25]} c2
{[%clk 0:21:23]} 0-1

[Event "George Trundle Reserves 2016"]
[Site "Auckland"]
[Date "2016.07.17"]
[Round "9.3"]
[White "Song, Kate"]
[Black "Eade, Don"]
[Result "0-1"]
[LiveChessVersion "1.4.8"]
[BlackElo "1837"]
[WhiteElo "1695"]

1. e4 {[%clk 1:30:58]} e5 {[%clk 1:30:10]} 2. Nf3 {[%clk 1:31:25]} Nc6
{[%clk 1:30:35]} 3. Bb5 {[%clk 1:31:52]} a6 {[%clk 1:31:00]} 4. Ba4
{[%clk 1:32:17]} Nf6 {[%clk 1:31:25]} 5. O-O {[%clk 1:32:43]} b5 {[%clk 1:31:36]}
6. Bb3 {[%clk 1:33:07]} Bc5 {[%clk 1:31:57]} 7. Re1 {[%clk 1:32:20]} d6
{[%clk 1:31:29]} 8. c3 {[%clk 1:32:10]} Bg4 {[%clk 1:31:02]} 9. h3
{[%clk 1:32:17]} Bh5 {[%clk 1:31:21]} 10. d3 {[%clk 1:31:58]} O-O 11. Be3 Bxe3
{[%clk 1:29:16]} 12. Rxe3 {[%clk 1:32:11]} d5 {[%clk 1:28:06]} 13. Nbd2
{[%clk 1:31:06]} Qd6 {[%clk 1:27:01]} 14. Bc2 {[%clk 1:30:14]} Rad8
{[%clk 1:26:02]} 15. Qe1 {[%clk 1:29:21]} Rfe8 {[%clk 1:24:08]} 16. Nf1
{[%clk 1:29:18]} d4 {[%clk 1:22:41]} 17. cxd4 {[%clk 1:27:52]} Bxf3
{[%clk 1:17:55]} 18. dxe5 {[%clk 1:25:48]} Rxe5 {[%clk 1:15:46]} 19. gxf3
{[%clk 1:25:35]} Nh5 {[%clk 1:15:03]} 20. Ng3 {[%clk 1:24:19]} Nf4
{[%clk 1:15:01]} 21. Qf1 {[%clk 1:23:14]} Rg5 {[%clk 1:12:52]} 22. Kh1
{[%clk 1:12:07]} Qe5 {[%clk 1:06:32]} 23. Rc1 {[%clk 1:09:10]} Rd6
{[%clk 1:05:46]} 24. Bb3 {[%clk 1:04:52]} Rh6 {[%clk 1:04:26]} 25. Kh2
{[%clk 1:05:07]} Nxh3 {[%clk 1:00:50]} 26. Qxh3 {[%clk 1:04:54]} Nd4
{[%clk 0:58:05]} 27. Qxh6 {[%clk 1:04:53]} gxh6 {[%clk 0:58:23]} 28. Bd5
{[%clk 1:04:05]} Qf4 {[%clk 0:57:55]} 29. Kg2 {[%clk 1:03:18]} Rxg3+
{[%clk 0:58:09]} 30. fxg3 {[%clk 1:03:13]} Qxe3 {[%clk 0:58:27]} 31. Rxc7
{[%clk 1:02:58]} Qxf3+ {[%clk 0:58:06]} 32. Kh2 {[%clk 1:01:23]} Ne2
{[%clk 0:58:18]} 33. Bxf7+ {[%clk 1:01:33]} Kf8 {[%clk 0:58:40]} 34. Rc8+
{[%clk 1:00:48]} Kxf7 {[%clk 0:58:54]} 35. Rc7+ {[%clk 1:01:14]} Kg6
{[%clk 0:58:15]} 36. Rc6+ {[%clk 1:01:30]} Kg5 {[%clk 0:58:35]} 37. Rc5+
{[%clk 1:01:27]} Kg4 {[%clk 0:58:59]} 0-1

[Event "George Trundle Reserves 2016"]
[Site "Auckland"]
[Date "2016.07.17"]
[Round "9.4"]
[White "Jia, Hao"]
[Black "Lyall, Simon"]
[Result "1/2-1/2"]
[LiveChessVersion "1.4.8"]
[BlackElo "1762"]
[WhiteElo "1930"]

1. e4 {[%clk 1:30:58]} e5 {[%clk 1:30:55]} 2. Nf3 {[%clk 1:30:55]} Nf6
{[%clk 1:31:19]} 3. Nxe5 {[%clk 1:31:16]} d6 {[%clk 1:31:43]} 4. Nf3
{[%clk 1:31:40]} Nxe4 {[%clk 1:32:05]} 5. Qe2 {[%clk 1:32:02]} Qe7
{[%clk 1:32:17]} 6. d3 {[%clk 1:32:20]} Nf6 {[%clk 1:32:28]} 7. Bg5
{[%clk 1:32:34]} Qxe2+ {[%clk 1:28:58]} 8. Bxe2 {[%clk 1:32:41]} Be7
{[%clk 1:29:08]} 9. Nc3 {[%clk 1:31:32]} h6 {[%clk 1:28:25]} 10. Bh4
{[%clk 1:28:34]} c6 {[%clk 1:26:28]} 11. Ne4 {[%clk 1:21:37]} Nbd7
{[%clk 1:20:27]} 12. Nd4 {[%clk 0:57:24]} d5 {[%clk 1:15:55]} 13. Nxf6+
{[%clk 0:56:28]} Nxf6 {[%clk 1:14:20]} 1/2-1/2

[Event "George Trundle Reserves 2016"]
[Site "Auckland"]
[Date "2016.07.17"]
[Round "9.5"]
[White "Yan, Caroline"]
[Black "Braganza, Nadia"]
[Result "1/2-1/2"]
[LiveChessVersion "1.4.8"]
[BlackElo "1358"]
[WhiteElo "1743"]

1. d4 {[%clk 1:30:59]} Nf6 {[%clk 1:30:52]} 2. c4 {[%clk 1:31:23]} g6
{[%clk 1:31:13]} 3. Nc3 {[%clk 1:31:49]} Bg7 {[%clk 1:31:35]} 4. e3
{[%clk 1:31:41]} O-O {[%clk 1:31:43]} 5. Nf3 {[%clk 1:32:05]} d6 {[%clk 1:32:02]}
6. Be2 {[%clk 1:32:29]} Nbd7 {[%clk 1:32:14]} 7. O-O {[%clk 1:32:44]} e5
{[%clk 1:32:08]} 8. d5 {[%clk 1:28:41]} Re8 {[%clk 1:26:54]} 9. e4
{[%clk 1:24:56]} Nh5 {[%clk 1:25:42]} 10. Ne1 {[%clk 1:22:25]} Nf4
{[%clk 1:24:46]} 11. Nd3 {[%clk 1:19:13]} Nxe2+ {[%clk 1:23:51]} 12. Qxe2
{[%clk 1:19:34]} Nf6 {[%clk 1:23:40]} 13. f3 {[%clk 1:16:31]} c6 {[%clk 1:22:49]}
14. a3 {[%clk 1:08:32]} cxd5 {[%clk 1:18:21]} 15. cxd5 {[%clk 1:08:47]} b6
{[%clk 1:16:44]} 16. Be3 {[%clk 1:08:31]} a5 {[%clk 1:13:38]} 17. b4
{[%clk 1:07:29]} axb4 {[%clk 1:03:35]} 18. axb4 {[%clk 1:07:13]} Bb7
{[%clk 1:02:48]} 19. Rxa8 {[%clk 1:06:20]} Bxa8 {[%clk 1:03:06]} 20. Ra1
{[%clk 1:05:22]} Qc7 {[%clk 0:59:38]} 21. Nb5 {[%clk 1:04:23]} Qb8
{[%clk 0:57:31]} 22. Nb2 {[%clk 1:03:33]} Nd7 {[%clk 0:50:33]} 23. Nc4
{[%clk 1:03:34]} Bf8 {[%clk 0:50:35]} 24. Ra7 {[%clk 0:45:44]} Rd8
{[%clk 0:48:02]} 25. g3 {[%clk 0:40:06]} Kh8 {[%clk 0:41:41]} 26. f4
{[%clk 0:39:02]} exf4 {[%clk 0:38:42]} 27. Bd4+ {[%clk 0:38:42]} Kg8
{[%clk 0:36:52]} 28. gxf4 {[%clk 0:38:47]} Be7 {[%clk 0:35:46]} 29. Qe3
{[%clk 0:35:08]} Qc8 {[%clk 0:30:34]} 30. Nxb6 {[%clk 0:32:50]} Nxb6
{[%clk 0:30:05]} 31. Bxb6 {[%clk 0:33:12]} Qg4+ {[%clk 0:30:17]} 32. Kf1
{[%clk 0:23:35]} Qd1+ {[%clk 0:30:14]} 33. Kg2 {[%clk 0:22:54]} Qg4+
{[%clk 0:30:27]} 34. Kh1 {[%clk 0:21:35]} Qd1+ {[%clk 0:30:40]} 35. Kg2
{[%clk 0:20:32]} Qg4+ {[%clk 0:31:00]} 36. Qg3 {[%clk 0:13:05]} Qe2+
{[%clk 0:31:07]} 37. Kg1 {[%clk 0:11:19]} Qd1+ {[%clk 0:28:44]} 38. Kf2
{[%clk 0:11:03]} Qd2+ {[%clk 0:27:27]} 39. Kf3 {[%clk 0:09:36]} Qd3+
{[%clk 0:26:47]} 40. Kf2 {[%clk 0:34:27]} Qd2+ {[%clk 0:55:50]} 41. Kf1
{[%clk 0:33:59]} Qd1+ {[%clk 0:44:35]} 42. Kg2 {[%clk 0:23:27]} Qc2+
{[%clk 0:42:11]} 43. Kh3 {[%clk 0:19:25]} Qd1 {[%clk 0:39:24]} 44. Bxd8
{[%clk 0:16:54]} Qf1+ {[%clk 0:39:26]} 45. Qg2 {[%clk 0:16:47]} Qd3+
{[%clk 0:39:35]} 46. Qg3 {[%clk 0:14:59]} Qf1+ {[%clk 0:39:43]} 47. Qg2
{[%clk 0:14:27]} Qd3+ {[%clk 0:40:06]} 1/2-1/2